Регионална библиотека "Любен Каравелов" - Русе

Откровения (Запис номер 323732)

MARC детайли
000 -Лидер
Контролно поле с фиксирана дължина amm a22 a 4500
003 - Код на организацията, давaща контролен номер
Контролно поле BLK
005 - Дата и час на последна редакция
Контролно поле 20201007040450.0
008 - Елементи от данни с фиксирана дължина
fixed length control field 181016b bu ||||| |||| 00| 0 bu d
040 ## - Източник на каталожния запис
Идентификатор на билиотеката - собственик на записа BLK
041 ## - Код за език
Код за езика на текст/звукозапис или на отделно заглавие Български
Код за езика КДБФ Български
080 ## - УДК
Текстов определител УДК Народна медицина. Лечение с домашни средства
УДК код - определител по УДК 615.89
УДК определител (497.2)(092)(047.53)(086.76)
УДК - код + определител 615.89(497.2)(092)(047.53)(086.76)
080 ## - УДК
Текстов определител УДК Български народен лечител
УДК код - определител по УДК 929 Димков, Петър Иванов
УДК - код + определител 929 Димков, Петър Иванов
100 ## - Редна дума - Автор
Автор Димков, Петър Иванов
Авторска отговорност първи автор
R(LIN) 1299
139 ## - Редно поле
Редна дума Димков, Петър Иванов
Авторски знак Димк - Д 59
245 ## - Сведения за заглавието
Заглавие Откровения
Подзаглавни данни [Звукозапис]
Редно поле (дума) Петър Димков ; [интервюиращ Магдалена Асенова]
257 ## - Страна на издаване
Страна на създаване/издаване България
260 ## - Област на издателските данни
Година на издаване 2010
9 (RLIN) 210881
Място на издаване, разпространение и проч. София
Име на издателя, разпространителя и проч. Изток-Запад
300 ## - Физическа характеристика
Страници 1 оптичен диск (CD-ROM) (2 ч, 28 мин, 25 сек) : стерео
Размери/Мащаб 12 см
380 ## - Жанр
Жанр Медицина
500 ## - Общи забележки
Забележка Източник: Етикет. - Името на интервюиращото лице установено от доп. източник. - Звукозаписът се разпространява с кн. със загл. Откровено. - МК 54846 / 16.03.2010
852 ## - Местоположение
Форматна сигнатура Цб CD 4470
Фондова буква Хранилище
999 ## - СИСТЕМНИ КОНТРОЛНИ НОМЕРА
Koha biblionumber 323732
Koha biblioitemnumber 323732
942 ## - АРТИКУЛИ
Вид на библиотечния материал Компактдискове
Източник на класификационната схема Universal Decimal Classification
Скрит в OPAC Не
999 ## - СИСТЕМНИ КОНТРОЛНИ НОМЕРА
Koha biblioitemnumber 323732
Наличности
Код за отписване Код за изгубен артикул Източник на класификационната схема Код за повреда Коз за рестрикции Код за отдаване Артикулен № Име на библиотеката - собственик Име на библиотеката, в която се намира в момента Статус (Текущо местоположение) Дата на вписване в системата Местоположение - отдел Цена в лева Инвентарен номер Систематично азбучна сигнатура Баркод Цена в евро Служебен тип на артикула
  Не е изгубен Universal Decimal Classification Не е повреден само за читалня заемане за дома 679022 Регионална библиотека "Любен Каравелов" Русе Регионална библиотека "Любен Каравелов" Русе Отдел Изкуство - подръчен фонд 2018-08-17 Отдел Изкуство - подръчен фонд 0.00 250000006073 615.89/Д 59 250000006073 0.00 Компактдискове
Vip Innovations Ltd, Rousse, Bulgaria 2025